Paying the rent is not so easy (Record no. 83943)

MARC details
000 -LEADER
fixed length control field 01064cab a22002895a 4500
001 - CONTROL NUMBER
control field L156003
008 - FIXED-LENGTH DATA ELEMENTS--GENERAL INFORMATION
fixed length control field 120424e20120421xxk 000 0 eng d
035 ## - SYSTEM CONTROL NUMBER
System control number (Sirsi) u156003
041 0# - LANGUAGE CODE
Language code of text/sound track or separate title eng
100 1# - MAIN ENTRY--PERSONAL NAME
Personal name Bijlani, Charlotte
245 00 - TITLE STATEMENT
Title Paying the rent is not so easy
260 ## - PUBLICATION, DISTRIBUTION, ETC.
Date of publication, distribution, etc. 2012
490 ## - SERIES STATEMENT
Series statement Estates Gazette
Volume/sequential designation (1216) 21 April 2012, 96-98(3)
520 ## - SUMMARY, ETC.
Summary, etc. Discusses recent cases which demonstrate how difficult it can be for tenants to meet the requirements for exercising a lease break option.
590 ## - LOCAL NOTE (RLIN)
Local note KA
650 24 - SUBJECT ADDED ENTRY--TOPICAL TERM
Topical term or geographic name entry element AVOCET INDUSTRIAL ESTATES LLP V MEROL LTD AND ANOR
650 24 - SUBJECT ADDED ENTRY--TOPICAL TERM
Topical term or geographic name entry element PCE INVESTORS LTD V CANCER RESEARCH UK
650 24 - SUBJECT ADDED ENTRY--TOPICAL TERM
Topical term or geographic name entry element BEEVERS V MASON
650 24 - SUBJECT ADDED ENTRY--TOPICAL TERM
Topical term or geographic name entry element QUIRKCO INVESTMENTS LTD V ASPRAY TRANSPORT LTD
650 24 - SUBJECT ADDED ENTRY--TOPICAL TERM
Topical term or geographic name entry element MW TRUSTEES LTD AND ORS V TELULAR CORPORATION
650 24 - SUBJECT ADDED ENTRY--TOPICAL TERM
Topical term or geographic name entry element FITZROY HOUSE EPWORTH STREET (NO.1) LTD AND ANOTHER V FINANCIAL TIMES
650 24 - SUBJECT ADDED ENTRY--TOPICAL TERM
Topical term or geographic name entry element BASS HOLDINGS LTD V MORTON MUSIC LTD
651 #4 - SUBJECT ADDED ENTRY--GEOGRAPHIC NAME
Geographic name UNITED KINGDOM
690 ## - LOCAL SUBJECT ADDED ENTRY--TOPICAL TERM (OCLC, RLIN)
Topical term or geographic name as entry element Landlord and tenant
9 (RLIN) 6252
700 1# - ADDED ENTRY--PERSONAL NAME
Personal name Thomas, Alasdair
942 ## - ADDED ENTRY ELEMENTS (KOHA)
Suppress in OPAC 0
Holdings
Withdrawn status Lost status Source of classification or shelving scheme Damaged status Not for loan Home library Current library Shelving location Date acquired Total Checkouts Full call number Barcode Date last seen Copy number Price effective from Koha item type
    Dewey Decimal Classification     London London Journal article 24/04/2012   L156003 156003-1001 06/08/2019 1 06/08/2019 Journal article